[Event "Karlsruhe Grenke op"]
[Site "Karlsruhe"]
[Date "2025.04.18"]
[Round "3"]
[White "Postlmayer, Jakob"]
[Black "Schimnatkowski, Lukas"]
[Result "1-0"]
[WhiteElo "2403"]
[BlackElo "2185"]
[PlyCount "111"]
[EventDate "2025.04.17"]
[EventType "swiss"]
[EventRounds "9"]
[EventCountry "GER"]
[SourceTitle "CB17_2025"]
[SourceDate "2025.04.23"]
[SourceVersion "1"]
[SourceVersionDate "2025.04.23"]
[SourceQuality "1"]

1. d4 Nf6 2. c4 e6 3. Nf3 Bb4+ 4. Bd2 Qe7 5. e3 b6 6. Bd3 Bb7 7. 0-0 0-0 8. Nc3 d6 9. a3 Bxc3 10. Bxc3 Ne4 11. Be1 Nd7 12. Nd2 Ndf6 13. Nxe4 Bxe4 14. Bxe4 Nxe4 15. f3 Nf6 16. Bh4 e5 17. d5 h6 18. e4 g5 19. Bf2 Nh5 20. g3 Nf6 21. Be3 Nd7 22. Qd3 f6 23. b4 Qh7 24. Kg2 f5 25. exf5 Rxf5 26. g4 Rf7 27. Qxh7+ Kxh7 28. a4 a5 29. bxa5 Rxa5 30. Bd2 Ra8 31. Ra3 Nc5 32. Be3 Ra5 33. h4 Kg6 34. hxg5 hxg5 35. Rh1 Rg7 36. Rh5 Kf6 37. Rh8 Nxa4 38. Bd2 Ra6 39. Rf8+ Kg6 40. Rf5 Kh6 41. Ra1 Nc5 42. Rh1+ Kg6 43. Rxg5+ Kf7 44. Rf5+ Ke7 45. Bg5+ Kd7 46. Rh8 c6 47. Bh6 Re7 48. Bf8 Re8 49. Rh7+ Kd8 50. dxc6 e4 51. Bxd6 exf3+ 52. Rxf3 Ra2+ 53. Kh3 Ne4 54. Bf4 Rg8 55. Rd3+ Ke8 56. Re3 1-0

[Event "Hastings Masters op 98th"]
[Site "Hastings"]
[Date "2025.01.02"]
[Round "8"]
[White "Schimnatkowski, Lukas"]
[Black "Rida, Ruqayyah"]
[Result "0-1"]
[WhiteElo "2221"]
[BlackElo "2019"]
[PlyCount "124"]
[EventDate "2024.12.28"]
[EventType "swiss"]
[EventRounds "9"]
[EventCountry "ENG"]
[SourceTitle "CB02_2025"]
[SourceDate "2025.01.08"]
[SourceVersion "1"]
[SourceVersionDate "2025.01.08"]
[SourceQuality "1"]

1. e4 e5 2. Nc3 Nf6 3. Nf3 Nc6 4. Bb5 Bb4 5. 0-0 0-0 6. Nd5 Bc5 7. d4 Nxd5 8. dxc5 Nde7 9. b3 Ng6 10. Qd5 a6 11. Bc4 d6 12. cxd6 Be6 13. dxc7 Qxc7 14. Qd3 Rfd8 15. Qe2 Nd4 16. Nxd4 Bxc4 17. Qxc4 Qxc4 18. bxc4 Rxd4 19. c5 Rxe4 20. Rb1 Rc4 21. Be3 f5 22. f3 f4 23. Bf2 Rd8 24. Rfc1 Rd7 25. c3 Ne7 26. Rb4 Rxb4 27. cxb4 Rd2 28. a4 Rb2 29. Be1 Nc6 30. Rd1 Nd4 31. Kf1 Rb3 32. Rc1 Kf7 33. Bc3 Nc6 34. Ke2 Nxb4 35. Kd2 Na2 36. Ra1 Rxc3 37. Rxa2 Rxc5 38. Rb2 b5 39. axb5 axb5 40. Kd3 Ke6 41. g3 g5 42. Ra2 Rc7 43. Ra6+ Kd5 44. Rb6 Kc5 45. Re6 Rd7+ 46. Ke4 b4 47. Rxe5+ Kc4 48. Rxg5 fxg3 49. Rxg3 b3 50. f4 b2 51. Rg1 Rd2 52. h4 Rh2 53. f5 Rxh4+ 54. Ke5 Rh2 55. Rf1 Re2+ 56. Kd6 Rf2 57. Rxf2 b1Q 58. Rf4+ Kc3 59. Rf3+ Kd4 60. Ke7 Qb7+ 61. Kf8 Qxf3 62. f6 Qxf6+ 0-1

[Event "Hastings Masters op 98th"]
[Site "Hastings"]
[Date "2024.12.31"]
[Round "6"]
[White "Kim, Yegeon"]
[Black "Schimnatkowski, Lukas"]
[Result "1/2-1/2"]
[WhiteElo "1697"]
[BlackElo "2221"]
[PlyCount "122"]
[EventDate "2024.12.28"]
[EventType "swiss"]
[EventRounds "9"]
[EventCountry "ENG"]
[SourceTitle "CB02_2025"]
[SourceDate "2025.01.08"]
[SourceVersion "1"]
[SourceVersionDate "2025.01.08"]
[SourceQuality "1"]

1. e4 c5 2. Nf3 d6 3. Bb5+ Nd7 4. c3 a6 5. Ba4 Ngf6 6. Qe2 e6 7. 0-0 Be7 8. d4 b5 9. Bc2 Bb7 10. Rd1 Qc7 11. Bd3 0-0 12. Nbd2 Rfd8 13. a4 c4 14. Bc2 e5 15. Nf1 Bf8 16. Ng3 Re8 17. dxe5 dxe5 18. Nd2 Nc5 19. Ndf1 Qc6 20. axb5 axb5 21. Rxa8 Rxa8 22. f3 Ne6 23. Kh1 g6 24. Qe1 Qb6 25. Be3 Bc5 26. b3 Ra2 27. Rc1 Ba6 28. bxc4 bxc4 29. Rb1 Qa7 30. Qc1 Bxe3 31. Qxe3 Qc7 32. Bd1 Kg7 33. Qc1 Nf4 34. Bc2 Qa5 35. Qd2 h5 36. Ne3 h4 37. Ngf1 Qc7 38. Qc1 Bc8 39. Ra1 Rxa1 40. Qxa1 Be6 41. Qe1 Qa5 42. Nd1 g5 43. Nfe3 Qd8 44. Qf1 Qd2 45. Qf2 Qxf2 46. Nxf2 Ne2 47. Nfd1 Nd7 48. Bb1 Nb6 49. Ba2 Kf8 50. Nb2 Nxc3 51. Bxc4 Nxc4 52. Nbxc4 Bxc4 53. Nxc4 f6 54. Kg1 Ke7 55. Kf2 Ke6 56. Ne3 Nb5 57. g3 hxg3+ 58. hxg3 Nd4 59. Ng4 Nc2 60. Ke2 Kf7 61. Kd2 Nd4 1/2-1/2

[Event "Hastings Masters op 98th"]
[Site "Hastings"]
[Date "2024.12.29"]
[Round "2"]
[White "Malinovsky, Ilya"]
[Black "Schimnatkowski, Lukas"]
[Result "0-1"]
[WhiteElo "2003"]
[BlackElo "2221"]
[PlyCount "86"]
[EventDate "2024.12.28"]
[EventType "swiss"]
[EventRounds "9"]
[EventCountry "ENG"]
[SourceTitle "CB02_2025"]
[SourceDate "2025.01.08"]
[SourceVersion "1"]
[SourceVersionDate "2025.01.08"]
[SourceQuality "1"]

1. e4 e5 2. Nc3 Nf6 3. Bc4 Nc6 4. d3 Na5 5. Bb3 Bb4 6. Nge2 d6 7. 0-0 0-0 8. Bg5 Bxc3 9. Nxc3 h6 10. Bxf6 Qxf6 11. Nd5 Qd8 12. f4 Nxb3 13. axb3 Be6 14. Ne3 exf4 15. Rxf4 d5 16. exd5 Bxd5 17. Qh5 Be6 18. Raf1 Qg5 19. Qf3 c6 20. h4 Qe7 21. d4 Rad8 22. c4 Rfe8 23. Re4 Qf8 24. Kh1 f6 25. d5 cxd5 26. cxd5 Bd7 27. Rf4 Qc5 28. Ng4 Bxg4 29. Rxg4 Qxd5 30. Qxf6 Qd7 31. Qg6 Rf8 32. Re1 Rf7 33. Rg3 Qd2 34. Ree3 Qc1+ 35. Kh2 Qc6 36. Re6 Qc7 37. Qe4 Rdf8 38. Re8 Rxe8 39. Qxe8+ Rf8 40. Qg6 Kh8 41. h5 Qe5 42. Kh3 Qxb2 43. Rf3 Rxf3+ 0-1

[Event "Oberliga NRW 2324"]
[Site "Germany"]
[Date "2024.04.07"]
[Round "8.3"]
[White "Schimnatkowski, Lukas"]
[Black "Chilla, Jan Eric"]
[Result "0-1"]
[WhiteElo "2170"]
[BlackElo "2235"]
[PlyCount "114"]
[EventDate "2023.09.03"]
[EventType "team-tourn"]
[EventRounds "9"]
[EventCountry "GER"]
[SourceTitle "EXT 2025"]
[Source "ChessBase"]
[SourceDate "2024.10.14"]
[SourceVersion "1"]
[SourceVersionDate "2024.10.14"]
[SourceQuality "1"]
[WhiteTeam "Essen Katernberg"]
[BlackTeam "Muenster"]
[WhiteTeamCountry "GER"]
[BlackTeamCountry "GER"]

1. c4 e6 2. g3 d5 3. Bg2 Nf6 4. Nf3 dxc4 5. Na3 c5 6. Nxc4 Nc6 7. b3 Be7 8. Bb2 0-0 9. 0-0 Qc7 10. Nfe5 Bd7 11. Nxd7 Qxd7 12. Rc1 Rfd8 13. d3 Rac8 14. Qd2 b6 15. Rfd1 Ne8 16. Qf4 Bf6 17. Bxc6 Qxc6 18. Be5 Qd5 19. d4 cxd4 20. Rxd4 Bxe5 21. Rxd5 Bxf4 22. Rxd8 Rxd8 23. gxf4 f6 24. Kf1 Kf7 25. Ke1 Rd7 26. Ne3 Rc7 27. Rd1 Ke7 28. f5 Rd7 29. Rc1 Rc7 30. Rd1 Rd7 31. fxe6 Rxd1+ 32. Kxd1 Kxe6 33. Kd2 Ke5 34. Kd3 h5 35. a4 Nc7 36. Nc4+ Kf4 37. Nd6 Kg4 38. Ke3 Kh3 39. Nf5 Ne6 40. Ke4 Kxh2 41. b4 a5 42. bxa5 bxa5 43. f4 g5 44. fxg5 fxg5 45. Ke5 Nc5 46. Kd4 Nxa4 47. e4 Nb6 48. e5 Nc8 49. Nd6 Ne7 50. e6 g4 51. Ke5 g3 52. Nf5 Ng6+ 53. Kf6 Nf4 54. Nh4 Nxe6 55. Kxe6 g2 56. Nf3+ Kh1 57. Ke5 g1Q 0-1

[Event "Oberliga NRW 2324"]
[Site "Germany"]
[Date "2024.02.18"]
[Round "6.2"]
[White "Fridman, Rafael"]
[Black "Schimnatkowski, Lukas"]
[Result "1-0"]
[WhiteElo "2418"]
[BlackElo "2178"]
[PlyCount "85"]
[EventDate "2023.09.03"]
[EventType "team-tourn"]
[EventRounds "9"]
[EventCountry "GER"]
[SourceTitle "EXT 2025"]
[Source "ChessBase"]
[SourceDate "2024.10.14"]
[SourceVersion "1"]
[SourceVersionDate "2024.10.14"]
[SourceQuality "1"]
[WhiteTeam "Bochum SV"]
[BlackTeam "Essen Katernberg"]
[WhiteTeamCountry "GER"]
[BlackTeamCountry "GER"]

1. Nf3 Nf6 2. g3 c5 3. Bg2 Nc6 4. d3 d5 5. 0-0 g6 6. Nbd2 Bg7 7. e4 dxe4 8. dxe4 0-0 9. Re1 Qc7 10. c3 b6 11. Qc2 e6 12. Nc4 Nd7 13. Rd1 Ba6 14. Bf1 Bxc4 15. Bxc4 Nde5 16. Nxe5 Nxe5 17. Be2 Rfd8 18. Be3 Rxd1+ 19. Rxd1 Rd8 20. Rxd8+ Qxd8 21. Qa4 Nd3 22. Qb5 c4 23. Qxc4 Nc5 24. a4 h5 25. a5 h4 26. Kg2 Bf8 27. b4 Nd7 28. axb6 axb6 29. Qc6 Ne5 30. Qb7 Bg7 31. f4 Nd3 32. Qxb6 Ne1+ 33. Kf1 Qa8 34. Kxe1 Bxc3+ 35. Kf2 Qxe4 36. Qd8+ Kg7 37. Bc5 h3 38. Qf8+ Kh7 39. Qxf7+ Bg7 40. Bf1 Kh6 41. Qd7 Qh1 42. Bxh3 Qxh2+ 43. Bg2 1-0

[Event "Staufer op 34th"]
[Site "Schwaebisch Gmuend"]
[Date "2024.01.05"]
[Round "7"]
[White "Lang, Thomas1"]
[Black "Schimnatkowski, Lukas"]
[Result "0-1"]
[WhiteElo "1970"]
[BlackElo "2161"]
[PlyCount "104"]
[EventDate "2024.01.02"]
[EventType "swiss"]
[EventRounds "9"]
[EventCountry "GER"]
[SourceTitle "CBM 218 Extra"]
[Source "ChessBase"]
[SourceDate "2024.03.31"]
[SourceVersion "1"]
[SourceVersionDate "2024.03.31"]
[SourceQuality "1"]

1. e4 c5 2. Nf3 Nc6 3. c3 e6 4. Be2 d5 5. exd5 exd5 6. d4 Bd6 7. 0-0 Nge7 8. dxc5 Bxc5 9. Nbd2 0-0 10. Nb3 Bb6 11. Nbd4 Bg4 12. Be3 Re8 13. Re1 Rc8 14. Qd2 Ng6 15. Rad1 h6 16. Nc2 Bf5 17. Bd3 Be4 18. Bxe4 dxe4 19. Qxd8 Bxd8 20. Nfd4 Bf6 21. Nxc6 Rxc6 22. Nb4 Rce6 23. Rd7 a5 24. Nd5 b5 25. Nc7 R6e7 26. Rxe7 Rxe7 27. Nxb5 a4 28. Nd4 Ne5 29. Re2 Nd3 30. b3 axb3 31. axb3 Ra7 32. h3 Ra1+ 33. Kh2 Be5+ 34. g3 f5 35. Bf4 Bxd4 36. cxd4 Ne1 37. Rxe1 Rxe1 38. Bd6 g5 39. b4 Kf7 40. Kg2 Rb1 41. Bc5 Ke6 42. Bf8 h5 43. Bh6 g4 44. hxg4 hxg4 45. Bf8 Kd5 46. Bc5 Kc4 47. Kh2 Rxb4 48. Bxb4 Kxb4 49. Kg1 Kc4 50. Kf1 Kxd4 51. Ke2 e3 52. fxe3+ Ke4 0-1

[Event "Muensterland op 40th"]
[Site "Muenster"]
[Date "2023.09.30"]
[Round "1"]
[White "Mgeladze, Kesaria"]
[Black "Schimnatkowski, Lukas"]
[Result "1-0"]
[WhiteElo "1994"]
[BlackElo "2251"]
[PlyCount "79"]
[EventDate "2023.09.30"]
[EventType "swiss"]
[EventRounds "9"]
[EventCountry "GER"]
[SourceTitle "CBM 216 Extra"]
[Source "ChessBase"]
[SourceDate "2023.11.30"]
[SourceVersion "1"]
[SourceVersionDate "2023.11.30"]
[SourceQuality "1"]

1. e4 c5 2. Nf3 d6 3. d4 cxd4 4. Nxd4 Nf6 5. Nc3 g6 6. f3 Bg7 7. Be3 a6 8. Qd2 Nbd7 9. 0-0-0 b5 10. g4 Ne5 11. g5 Nh5 12. Nd5 Bd7 13. Nb3 Rb8 14. Qa5 Qxa5 15. Nxa5 e6 16. Nb6 Ke7 17. f4 Nc6 18. Bc5 Rxb6 19. Rxd6 Nxa5 20. Rxb6+ Kd8 21. Rxa6 Nb7 22. Bb6+ Ke7 23. Ra7 Bc6 24. Bxb5 Bxb5 25. Rxb7+ Kd6 26. Rc7 e5 27. Rd1+ Ke6 28. Bc5 Bf8 29. f5+ gxf5 30. exf5+ Kxf5 31. Rxf7+ Kxg5 32. Rg1+ Kh4 33. Bxf8 Nf4 34. Kd2 h5 35. Rg3 Nd5 36. Bc5 Rd8 37. Bf2 Nf6+ 38. Rd3+ Kg5 39. Rxd8 Ne4+ 40. Ke3 1-0

[Event "Teplice op"]
[Site "Teplice"]
[Date "2023.06.17"]
[Round "8"]
[White "Schimnatkowski, Lukas"]
[Black "Jinan, Jomon"]
[Result "0-1"]
[WhiteElo "2257"]
[BlackElo "2428"]
[PlyCount "120"]
[EventDate "2023.06.10"]
[EventType "swiss"]
[EventRounds "9"]
[EventCountry "CZE"]
[SourceTitle "CBM 214 Extra"]
[Source "ChessBase"]
[SourceDate "2023.07.31"]
[SourceVersion "1"]
[SourceVersionDate "2023.07.31"]
[SourceQuality "1"]

1. e4 e5 2. Nf3 Nc6 3. d4 exd4 4. Bc4 Nf6 5. 0-0 Nxe4 6. Re1 d5 7. Bxd5 Qxd5 8. Nc3 Qa5 9. Nxe4 Be6 10. Neg5 0-0-0 11. Nxe6 fxe6 12. Rxe6 h6 13. Bd2 Qd5 14. Qe2 g5 15. Qe4 Bg7 16. Re1 Rhf8 17. h4 gxh4 18. Qg4 Qd7 19. Qxh4 Qd5 20. Qg4 Qd7 21. Qh4 Qd5 22. b4 Kb8 23. Rg6 Rg8 24. Qe4 Qf7 25. Re6 Qh5 26. Bf4 Qb5 27. a3 a6 28. Bg3 Qc4 29. Rg6 Bf8 30. Rxg8 Qxg8 31. Ne5 Nxe5 32. Bxe5 Bg7 33. Bg3 Qf7 34. Qe7 Rd7 35. Qc5 Bf8 36. Qe5 Bg7 37. Qe4 Ka7 38. f3 Bf6 39. Qd3 Qd5 40. Bf2 b6 41. Rd1 Qg5 42. Qe4 Re7 43. Qg4 Qxg4 44. fxg4 Re4 45. Bg3 c5 46. bxc5 bxc5 47. Rb1 Re2 48. Bb8+ Ka8 49. Bf4 Bg5 50. Bxg5 hxg5 51. Rc1 Kb7 52. Kf1 Re3 53. a4 Kb6 54. c4 Ka5 55. Kf2 Kxa4 56. Ra1+ Kb4 57. Rxa6 Kxc4 58. Rg6 Re5 59. Ra6 d3 60. Ra2 Kb3 0-1

[Event "Oberliga NRW 2223"]
[Site "Germany"]
[Date "2023.05.14"]
[Round "9.3"]
[White "Schimnatkowski, Lukas"]
[Black "Asadzade, Idris"]
[Result "1-0"]
[WhiteElo "2257"]
[BlackElo "2229"]
[PlyCount "97"]
[EventDate "2022.09.11"]
[EventType "team-tourn"]
[EventRounds "9"]
[EventCountry "GER"]
[SourceTitle "EXT 2025"]
[Source "ChessBase"]
[SourceDate "2024.10.14"]
[SourceVersion "1"]
[SourceVersionDate "2024.10.14"]
[SourceQuality "1"]
[WhiteTeam "Essen Katernberg"]
[BlackTeam "Solingen III"]
[WhiteTeamCountry "GER"]
[BlackTeamCountry "GER"]

1. e4 e6 2. d4 d5 3. Nd2 dxe4 4. Nxe4 Nf6 5. Nxf6+ gxf6 6. Be3 Nc6 7. Nf3 b6 8. Bb5 Bb7 9. 0-0 a6 10. Be2 Qd7 11. c4 Ne7 12. Nh4 Bg7 13. Bf3 0-0-0 14. Bxb7+ Kxb7 15. Qh5 Ng6 16. Rfd1 c6 17. a4 f5 18. Nf3 f4 19. Bd2 Qe7 20. Bc3 Bf6 21. Rac1 Rd7 22. Rd2 Rhd8 23. Rcd1 a5 24. h3 h6 25. Kh2 Bg5 26. Re1 Ka7 27. Rd3 Kb7 28. Ne5 Nxe5 29. Rxe5 f5 30. Re1 Rd6 31. Qf3 Qf7 32. Red1 Qd7 33. Qe2 Qf7 34. b4 axb4 35. Bxb4 R6d7 36. a5 Bf6 37. Bc3 c5 38. Qb2 Rd6 39. d5 exd5 40. cxd5 Bxc3 41. Qxc3 Qf6 42. Qc4 Qe5 43. f3 Rg8 44. R3d2 Rc8 45. axb6 Rxb6 46. d6 Rb4 47. Qf7+ Kb8 48. Ra2 Rb7 49. Rb1 1-0

[Event "Oberliga NRW 2223"]
[Site "Germany"]
[Date "2023.04.30"]
[Round "8.5"]
[White "Essing, Arnold"]
[Black "Schimnatkowski, Lukas"]
[Result "1-0"]
[WhiteElo "2208"]
[BlackElo "2261"]
[PlyCount "133"]
[EventDate "2022.09.11"]
[EventType "team-tourn"]
[EventRounds "9"]
[EventCountry "GER"]
[SourceTitle "EXT 2025"]
[Source "ChessBase"]
[SourceDate "2024.10.14"]
[SourceVersion "1"]
[SourceVersionDate "2024.10.14"]
[SourceQuality "1"]
[WhiteTeam "Lieme"]
[BlackTeam "Essen Katernberg"]
[WhiteTeamCountry "GER"]
[BlackTeamCountry "GER"]

1. d4 Nf6 2. Nf3 g6 3. b3 Bg7 4. Bb2 0-0 5. g3 d6 6. Bg2 e5 7. dxe5 Ng4 8. Qc1 Nxe5 9. 0-0 Nbc6 10. Nbd2 Re8 11. e3 Bg4 12. h3 Nxf3+ 13. Nxf3 Bf5 14. Re1 Be4 15. a3 Qd7 16. Bxg7 Kxg7 17. Qb2+ Kg8 18. Nd2 Bxg2 19. Kxg2 Qf5 20. Rad1 Rad8 21. Qc3 d5 22. Nf3 Qe4 23. Qd3 a6 24. Qxe4 dxe4 25. Nd2 Kf8 26. Nc4 b5 27. Nb2 Ke7 28. f4 exf3+ 29. Kxf3 Ne5+ 30. Ke2 c5 31. Nd3 Nxd3 32. cxd3 Rd5 33. Rd2 Kd6 34. Rf1 f5 35. Rc2 Rde5 36. Rf3 Rd5 37. Rf1 Re7 38. Kd2 Rd7 39. Ke2 Ke7 40. Rd1 Ke6 41. Rdd2 Kd6 42. Rd1 Ke5 43. Rxc5 Kd6 44. d4 Re7 45. Rdc1 Rxc5 46. Rxc5 Re8 47. Kd3 Rb8 48. Ke2 Re8 49. Kf3 Rf8 50. h4 Re8 51. h5 Kd7 52. b4 Re6 53. hxg6 hxg6 54. Rc3 Re8 55. g4 Rf8 56. gxf5 Rxf5+ 57. Ke4 Rf1 58. d5 Ra1 59. Ke5 g5 60. e4 g4 61. Rg3 Kc7 62. Ke6 a5 63. bxa5 Kb7 64. d6 Rd1 65. d7 Kc7 66. Rc3+ Kd8 67. Rc8# 1-0

[Event "Oberliga NRW 2223"]
[Site "Germany"]
[Date "2023.03.05"]
[Round "6.5"]
[White "Schimnatkowski, Lukas"]
[Black "Wilde, Pierre"]
[Result "1-0"]
[WhiteElo "2252"]
[BlackElo "2218"]
[PlyCount "67"]
[EventDate "2022.09.11"]
[EventType "team-tourn"]
[EventRounds "9"]
[EventCountry "GER"]
[SourceTitle "EXT 2025"]
[Source "ChessBase"]
[SourceDate "2024.10.14"]
[SourceVersion "1"]
[SourceVersionDate "2024.10.14"]
[SourceQuality "1"]
[WhiteTeam "Essen Katernberg"]
[BlackTeam "Muenster"]
[WhiteTeamCountry "GER"]
[BlackTeamCountry "GER"]

1. e4 c5 2. Nc3 Nc6 3. Bb5 Nd4 4. Bc4 a6 5. a4 g6 6. Nge2 Bg7 7. Nxd4 cxd4 8. Qf3 e6 9. Ne2 Ne7 10. d3 0-0 11. Bb3 Nc6 12. Ng3 d6 13. 0-0 Bd7 14. Bd2 Rc8 15. a5 e5 16. Qd1 Re8 17. f4 exf4 18. Bxf4 Be6 19. Bxe6 Rxe6 20. Qd2 d5 21. Bh6 Ne5 22. Bxg7 Kxg7 23. Rae1 h6 24. Re2 dxe4 25. Rxe4 Rc5 26. b4 Rd5 27. Ne2 f5 28. Nf4 Rc6 29. Nxd5 Qxd5 30. Qf4 Re6 31. Rxd4 Qa2 32. Rd8 Qxc2 33. Rc1 Qxd3 34. Rxd3 1-0

[Event "Oberliga NRW 2223"]
[Site "Germany"]
[Date "2023.02.12"]
[Round "5.5"]
[White "Schiefelbusch, Dirk"]
[Black "Schimnatkowski, Lukas"]
[Result "0-1"]
[WhiteElo "2120"]
[BlackElo "2220"]
[PlyCount "54"]
[EventDate "2022.09.11"]
[EventType "team-tourn"]
[EventRounds "9"]
[EventCountry "GER"]
[SourceTitle "EXT 2025"]
[Source "ChessBase"]
[SourceDate "2024.10.14"]
[SourceVersion "1"]
[SourceVersionDate "2024.10.14"]
[SourceQuality "1"]
[WhiteTeam "Dortmund Hansa"]
[BlackTeam "Essen Katernberg"]
[WhiteTeamCountry "GER"]
[BlackTeamCountry "GER"]

1. b4 c6 2. c4 d5 3. e3 Nf6 4. Bb2 Bf5 5. Nf3 e6 6. b5 Be7 7. Nc3 0-0 8. Be2 dxc4 9. Bxc4 a6 10. a4 axb5 11. axb5 Rxa1 12. Qxa1 Bd3 13. Bxd3 Qxd3 14. Ne5 Qd6 15. Nf3 cxb5 16. Nxb5 Qd3 17. Nc3 Nc6 18. Qb1 Nb4 19. Ne5 Qa6 20. d3 Ng4 21. Nxg4 Nxd3+ 22. Kd2 Rd8 23. Kc2 h5 24. Nh6+ gxh6 25. Ba1 Qc4 26. Qb5 Nb4+ 27. Kc1 Qb3 0-1

[Event "Oberliga NRW 2223"]
[Site "Germany"]
[Date "2022.09.25"]
[Round "2.4"]
[White "Wacker, Peter"]
[Black "Schimnatkowski, Lukas"]
[Result "1-0"]
[WhiteElo "2275"]
[BlackElo "2165"]
[PlyCount "93"]
[EventDate "2022.09.11"]
[EventType "team-tourn"]
[EventRounds "9"]
[EventCountry "GER"]
[SourceTitle "EXT 2025"]
[Source "ChessBase"]
[SourceDate "2024.10.14"]
[SourceVersion "1"]
[SourceVersionDate "2024.10.14"]
[SourceQuality "1"]
[WhiteTeam "Koeln SF"]
[BlackTeam "Essen Katernberg"]
[WhiteTeamCountry "GER"]
[BlackTeamCountry "GER"]

1. d4 Nf6 2. Nf3 e6 3. c4 Bb4+ 4. Nbd2 b6 5. a3 Bxd2+ 6. Qxd2 Bb7 7. e3 0-0 8. Be2 d6 9. 0-0 Ne4 10. Qc2 f5 11. b4 Rf6 12. Bb2 Rg6 13. Rad1 Nd7 14. d5 Ng5 15. Nd4 Nh3+ 16. Kh1 Qg5 17. g3 Rf8 18. f4 Qd8 19. Bf3 e5 20. Ne6 Qf6 21. Nxf8 Nxf8 22. Bg2 Rh6 23. fxe5 dxe5 24. Qxf5 Qxf5 25. Rxf5 Bc8 26. Rxf8+ Kxf8 27. Rf1+ Rf6 28. Bxe5 Rxf1+ 29. Bxf1 Bf5 30. Bxc7 Nf2+ 31. Kg1 Ng4 32. Bf4 h6 33. h3 Nf6 34. g4 Be4 35. Be5 Nd7 36. Bd6+ Kf7 37. Bg2 Nf6 38. Be5 Nd7 39. Bd4 Bd3 40. c5 Bc4 41. e4 bxc5 42. bxc5 Nf6 43. Kf2 a5 44. Ke3 a4 45. Bxf6 gxf6 46. Kd4 Bb3 47. e5 1-0

[Event "Untergrombach op 38th"]
[Site "Untergrombach"]
[Date "2022.01.07"]
[Round "5"]
[White "Roebers, Eline"]
[Black "Schimnatkowski, Lukas"]
[Result "1-0"]
[WhiteElo "2365"]
[BlackElo "2206"]
[PlyCount "53"]
[EventDate "2022.01.04"]
[EventType "swiss"]
[EventRounds "7"]
[EventCountry "GER"]
[SourceTitle "EXT 2023"]
[Source "ChessBase"]
[SourceDate "2022.10.05"]
[SourceVersion "1"]
[SourceVersionDate "2022.10.05"]
[SourceQuality "1"]

1. e4 e5 2. Nf3 Nc6 3. d4 exd4 4. Nxd4 Nf6 5. Nxc6 bxc6 6. e5 Qe7 7. Qe2 Nd5 8. h4 Qe6 9. c4 Nb6 10. g3 a5 11. Nd2 Ba6 12. b3 Bb4 13. Bb2 a4 14. 0-0-0 axb3 15. axb3 Qe7 16. Kc2 Bb7 17. Ne4 0-0 18. Nf6+ Kh8 19. Qh5 h6 20. Qf5 g6 21. Qf4 Kg7 22. Ng4 g5 23. e6+ f6 24. hxg5 Ra2 25. gxf6+ Rxf6 26. Qxh6+ Kg8 27. Qh8# 1-0

[Event "Innsbruck op 5th"]
[Site "Innsbruck"]
[Date "2021.08.22"]
[Round "3"]
[White "Schimnatkowski, Lukas"]
[Black "Leisch, Lukas"]
[Result "0-1"]
[WhiteElo "2185"]
[BlackElo "2401"]
[PlyCount "80"]
[EventDate "2021.08.21"]
[EventType "swiss"]
[EventRounds "9"]
[EventCountry "AUT"]
[SourceTitle "CBM 204 Extra"]
[Source "ChessBase"]
[SourceDate "2021.11.30"]
[SourceVersion "1"]
[SourceVersionDate "2021.11.30"]
[SourceQuality "1"]

1. e4 e6 2. d4 d5 3. Nd2 c5 4. exd5 Qxd5 5. Ngf3 cxd4 6. Bc4 Qd6 7. 0-0 Nf6 8. Nb3 Nc6 9. Nbxd4 Nxd4 10. Nxd4 Be7 11. c3 0-0 12. Qf3 Qc7 13. Bb3 a5 14. Nb5 Qc6 15. Qxc6 bxc6 16. Nd4 Bd7 17. Ba4 Rfc8 18. Re1 Nd5 19. Bd1 a4 20. Bd2 Bf6 21. Bf3 Rab8 22. Rab1 c5 23. Nc2 Bb5 24. Ne3 Nxe3 25. Bxe3 Bc4 26. a3 Ba2 27. Ra1 Rxb2 28. Bc1 Rc2 29. Be4 Bxc3 30. Bxc2 Bxa1 31. Bxa4 Bf6 32. Bb5 c4 33. Rd1 c3 34. Kf1 h6 35. Rd7 Rc5 36. a4 Bc4+ 37. Bxc4 Rxc4 38. Ke2 Rxa4 39. Kd3 Ra1 40. Kc2 Ra2+ 0-1